Normal view
MARC view
- مراجعة الحسابات -- دوائر معارف
Entry Topical Term
001 - CONTROL NUMBER
- control field: 27624
003 - CONTROL NUMBER IDENTIFIER
- control field: JO-AjAnu
005 - DATE AND TIME OF LATEST TRANSACTION
- control field: 20230606074706.0
008 - FIXED-LENGTH DATA ELEMENTS
- fixed length control field: 230606|| aca||aabn | a|a d
040 ## - CATALOGING SOURCE
- Original cataloging agency: JO-AjAnu
- Transcribing agency: JO-AjAnu
150 ## - HEADING--TOPICAL TERM
- Topical term or geographic name entry element: مراجعة الحسابات -- دوائر معارف
670 ## - SOURCE DATA FOUND
- Source citation: Work cat.: (JO-AjAnu)14185: تأليف راضى، محمد سامى, author 27623, موسوعة المراجعة المتقدمة: مراجعة استقصائية قضائية، مراجعة الأداء البيئي، مراجعة حوكمة الشركات، جودة المراجعة